Ivy's tree /

"A wise and compassionate recently widowed Canadian woman must learn to negotiate the unfamiliar Japanese culture as she accepts her estranged daughter's request to join her family in Japan."--

Bibliographic Details
Main Author: Burton, Wendy, 1949- (Author)
Format: Book
Language:English
Published: Saskatoon, Saskatchewan : Thistledown Press, [2020]
Subjects:

MARC

Tag First Indicator Second Indicator Subfields
LEADER 00000cam a22000008i 4500
001 in00004402421
008 200323s2020 snc 000 f eng
005 20250318222656.0
020 |a 9781771871990 
020 |a 1771871997  |q (softcover) 
035 |a (OCoLC)on1145425473 
035 |a (OCoLC)1145425473 
040 |a NLC  |b eng  |e rda  |c YDX  |d BDX  |d OCLCQ  |d NLC  |d TOH  |d OCLCO  |d OCLCF  |d UAB 
042 |a lac 
043 |a a-ja--- 
050 4 |a PR9199.4.B884  |b I99 2020 
055 0 |a PS8603.U779  |b I99 2020 
082 0 |a 813/.6  |2 23 
084 |a cci1icc  |2 lacc 
100 1 |a Burton, Wendy,  |d 1949-  |e author. 
245 1 0 |a Ivy's tree /  |c Wendy Burton. 
264 1 |a Saskatoon, Saskatchewan :  |b Thistledown Press,  |c [2020] 
264 4 |c ©2020 
300 |a 310 pages ;  |c 22 cm 
336 |a text  |b txt  |2 rdacontent 
337 |a unmediated  |b n  |2 rdamedia 
338 |a volume  |b nc  |2 rdacarrier 
520 |a "A wise and compassionate recently widowed Canadian woman must learn to negotiate the unfamiliar Japanese culture as she accepts her estranged daughter's request to join her family in Japan."--  |c Provided by publisher. 
530 |a Issued also in electronic formats. 
650 0 |a Families  |v Fiction. 
650 0 |a Widows  |v Fiction. 
651 0 |a Tokyo (Japan)  |v Fiction. 
650 7 |a Families.  |2 fast  |0 (OCoLC)fst01728849 
650 7 |a Widows.  |2 fast  |0 (OCoLC)fst01174951 
651 7 |a Japan  |z Tokyo.  |2 fast  |0 (OCoLC)fst01204835 
655 7 |a Fiction.  |2 fast  |0 (OCoLC)fst01423787 
776 0 8 |i Online version:  |a Burton, Wendy, 1949-  |t Ivy's tree.  |d Saskatoon, Saskatchewan : Thistledown Press, 2020  |z 1771872004  |z 9781771872003  |w (OCoLC)1160193459 
852 8 |b pda,print  |z This title is available for the library to purchase for your use. Click the "Purchase It For Me" button to place a request. This item may take 5-10 business days to arrive. 
955 |a Print PDA title 
999 f f |s c309cef4-a77f-4b04-8062-4bd4f99ebce3  |i 79b209d3-7c28-3385-a9d2-fbfb55fd7623  |t 0 
952 f f |a Texas A&M University  |b College Station  |c Sterling C. Evans Library  |d Purchase on Demand  |t 0  |e PR9199.4.B884 I99 2020  |h Library of Congress classification 
998 f f |a PR9199.4.B884 I99 2020  |t 0  |l Purchase on Demand